00393nam a22001577a 450000500170000001000130001702000260003003500130005603700210006908200060009024500310009626000330012727000370016030000190019770000190021620170823102400.0 aBAC-CH25 a9789382607762c225.00 aB-667920 adplbTechniz/Ven aS a5 Minute bedtime stories / aNoidabOm Kidzc2015 (repr.) aA 12, Sector 64, bNoidae201301 a79p.c22cm(Hb) dStevens, Roger